Most Valuable Cryptocurrencies - Statistics

General Stats
  • This quiz has been taken 204 times
    179 since last reset
  • The average score is 9 of 20
Answer Stats
Market Cap (billion $) Cryptocurrency % Correct
1402.5 Bitcoin
99%
462.4 Ethereum
98%
79.6 Solana
82%
23.7 Dogecoin
74%
29.2 XRP
67%
103.9 BNB
63%
112.4 Tether
61%
16.4 Cardano
55%
32.7 USD Coin
53%
15.1 Shiba Inu
42%
6.4 Litecoin
41%
10.1 Chainlink
33%
14.5 Avalanche
32%
10.3 Polkadot
31%
10 TRON
30%
9.8 Bitcoin Cash
27%
7.1 Polygon
23%
17.6 Toncoin
18%
6.5 Uniswap
10%
8.1 NEAR Protocol
9%
No matching quizzes found
Score Distribution
Percent of People with Each Score
Percentile by Number Answered
Your Score History
You have not taken this quiz since the last reset